| 000 | 00479nam a2200157 i 4500 | ||
|---|---|---|---|
| 001 | bg | ||
| 100 | 1 | _aWITASZEK, Jacek | |
| 245 | 0 |
_aKonstrukcja i optymalizacja analizatorów LR(k) / _cJacek Witaszek. |
|
| 260 |
_aWarszawa : _bIMM, _c1979. |
||
| 490 | 1 | _aPrace Naukowo-Badawcze Instytutu Maszyn Matematycznych | |
| 830 | _aPrace Naukowo-Badawcze Instytutu Maszyn Matematycznych | ||
| 040 | _cBPK | ||
| 041 | _apol | ||
| 942 | _cKS | ||
| 008 | s pl f |000 0 pol | ||
| 999 |
_c18293 _d18293 |
||
| 856 |
_uhttp://koha.tu.koszalin.pl/cgi-bin/koha/opac-detail.pl?biblionumber=18293 _yKatalog online BPK |
||